[Event "25th Belgrade Trophy"]
[Site "Obrenovac SRB"]
[Date "2011.12.02"]
[Round "9.45"]
[White "Savolainen,L"]
[Black "Mihajlovic,Mil"]
[Result "1-0"]
[WhiteTitle "FM"]
[WhiteElo "2123"]
[BlackElo "1987"]
[WhiteFideId "4135792"]
[BlackFideId "937045"]
[EventDate "2011.11.24"]

1. c4 Nf6 2. Nc3 g6 3. g3 Bg7 4. Bg2 O-O 5. d3 d6 6. Bd2 c5 7. Nf3 Nc6 8. O-O
Bd7 9. a3 a5 10. Rb1 Rb8 11. h3 Ne8 12. Be3 Nc7 13. d4 cxd4 14. Nxd4 Nxd4 15.
Bxd4 Bxd4 16. Qxd4 Ne6 17. Qh4 Re8 18. Bd5 b5 19. cxb5 Bxb5 20. Bxe6 fxe6 21.
Ne4 h5 22. Ng5 e5 23. g4 Bxe2 24. Rfe1 Bd3 25. Rbd1 Bc2 26. Rd2 Qc8 27. gxh5 Bf5
28. hxg6 Bxg6 29. Qh6 Bf5 30. Kh2 Rf8 31. Rg1 1-0

[Event "25th Belgrade Trophy"]
[Site "Obrenovac SRB"]
[Date "2011.12.02"]
[Round "9.48"]
[White "Manojlovic,Se"]
[Black "Sablic,B"]
[Result "1-0"]
[WhiteElo "2089"]
[BlackElo "1951"]
[WhiteFideId "915297"]
[BlackFideId "907669"]
[EventDate "2011.11.24"]

1. e4 c5 2. Nf3 d6 3. d4 cxd4 4. Nxd4 Bd7 5. Nc3 g6 6. Be3 Bg7 7. Qd2 Nf6 8. f3
Nc6 9. Bc4 Na5 10. Bb3 Nxb3 11. axb3 a6 12. Bh6 O-O 13. h4 e5 14. Nde2 Be6 15.
O-O-O Qa5 16. Kb1 Rad8 17. h5 Rd7 18. g4 Rfd8 19. hxg6 fxg6 20. Ng3 d5 21. Bxg7
Rxg7 22. g5 Ne8 23. Nxd5 Qxd2 24. Rxd2 Rgd7 25. c4 b5 26. Nf1 Kg7 27. Nfe3 Rf7
28. Rdh2 Kh8 29. Rf2 Nd6 30. Rfh2 Bxd5 31. Nxd5 Rdd7 32. c5 Ne8 33. Rf2 Nc7 34.
Nf6 Rde7 35. Nd5 Rd7 36. Nxc7 Rxc7 37. Rc1 Kg7 38. b4 Rfd7 39. Kc2 h5 40. Rd1
Rxd1 41. Kxd1 a5 42. Kc2 axb4 43. Kb3 Rxc5 44. Kxb4 Rc1 45. Kxb5 Kf7 46. b4 Ke6
47. Kb6 Rc3 48. b5 Kd7 49. f4 exf4 50. Rxf4 Rg3 51. Rf7+ Ke8 52. Rf6 Rxg5 53.
Kc6 Rg1 54. b6 Ke7 55. e5 h4 56. b7 Rc1+ 57. Kb6 Rb1+ 58. Kc7 Rc1+ 59. Rc6 Rb1
60. Rxg6 1-0

[Event "25th Belgrade Trophy"]
[Site "Obrenovac SRB"]
[Date "2011.12.02"]
[Round "9.50"]
[White "Rajcevic,S"]
[Black "Djukic,Milor"]
[Result "1-0"]
[WhiteElo "2067"]
[BlackElo "1949"]
[WhiteFideId "938963"]
[BlackFideId "943967"]
[EventDate "2011.11.24"]

1. d4 f5 2. Nc3 Nf6 3. Bg5 g6 4. Bxf6 exf6 5. e4 fxe4 6. Nxe4 d5 7. Nc3 Bb4 8.
Be2 O-O 9. Nf3 Bg4 10. O-O Bxc3 11. bxc3 Bxf3 12. Bxf3 c6 13. Qd3 Nd7 14. c4
dxc4 15. Qxc4+ 1-0

[Event "FSGM December 2011"]
[Site "Budapest HUN"]
[Date "2011.12.03"]
[Round "1"]
[White "Mihok,O"]
[Black "Simonian,H"]
[Result "1/2-1/2"]
[WhiteTitle "IM"]
[BlackTitle "GM"]
[WhiteElo "2472"]
[BlackElo "2468"]
[WhiteFideId "728012"]
[BlackFideId "13302337"]
[EventDate "2011.12.03"]

1. e4 e5 2. Nf3 Nf6 3. Nxe5 d6 4. Nf3 Nxe4 5. Qe2 Qe7 6. d3 Nf6 7. Bg5 Qxe2+ 8.
Bxe2 Be7 9. Nc3 Be6 10. O-O-O Nc6 11. d4 Nd5 12. Nxd5 Bxd5 13. Bxe7 Nxe7 14. c4
Be4 15. d5 O-O 1/2-1/2

[Event "FSGM December 2011"]
[Site "Budapest HUN"]
[Date "2011.12.03"]
[Round "1"]
[White "Antipov,M2"]
[Black "Akesson,R"]
[Result "1-0"]
[WhiteTitle "IM"]
[BlackTitle "GM"]
[WhiteElo "2428"]
[BlackElo "2421"]
[WhiteFideId "4107012"]
[BlackFideId "1700120"]
[EventDate "2011.12.03"]

1. e4 c6 2. d4 d5 3. e5 Bf5 4. Nd2 e6 5. Nb3 Nd7 6. Nf3 Ne7 7. Be2 h6 8. O-O Qc7
9. Bd2 Nc8 10. a4 Be7 11. Ba5 b6 12. Bd2 a5 13. Be3 Na7 14. Nfd2 c5 15. c4 dxc4
16. Nxc4 O-O 17. Rc1 Nc6 18. Nd6 Bg6 19. Nb5 Qd8 20. dxc5 bxc5 21. Nxc5 Ncxe5
22. Nb7 Qb8 23. Rc7 Rd8 24. Nxd8 1-0

[Event "FSGM December 2011"]
[Site "Budapest HUN"]
[Date "2011.12.03"]
[Round "1"]
[White "Kargin,A"]
[Black "Kislik,E"]
[Result "0-1"]
[WhiteTitle "IM"]
[BlackTitle "FM"]
[WhiteElo "2411"]
[BlackElo "2371"]
[WhiteFideId "4135997"]
[BlackFideId "2022702"]
[EventDate "2011.12.03"]

1. e4 e5 2. Nf3 Nf6 3. Nxe5 d6 4. Nf3 Nxe4 5. d4 d5 6. Bd3 Nc6 7. O-O Be7 8. Nc3
Nxc3 9. bxc3 Bg4 10. h3 Bh5 11. Rb1 Rb8 12. Re1 O-O 13. g4 Bg6 14. Bf4 Bd6 15.
Qd2 a6 16. Bg5 f6 17. Bf4 Qd7 18. Bxd6 Qxd6 19. Nh4 Bxd3 20. Qxd3 Qd7 21. Nf5 g6
22. Ne3 b5 23. a4 Nd8 24. axb5 axb5 25. Qe2 c6 26. Ra1 Nf7 27. Qf3 Ng5 28. Qg2
Ne4 29. Nd1 Rbe8 30. f3 Ng5 31. Ne3 Qc7 32. h4 Qf4 33. hxg5 Rxe3 34. gxf6 Rxf3
35. Rf1 Qe3+ 36. Kh2 R8xf6 37. Rxf3 Rxf3 38. Re1 Qf4+ 39. Kg1 Rg3 0-1

[Event "FSGM December 2011"]
[Site "Budapest HUN"]
[Date "2011.12.03"]
[Round "1"]
[White "Szablowski,P"]
[Black "Keschitz,G"]
[Result "0-1"]
[WhiteTitle "IM"]
[BlackTitle "FM"]
[WhiteElo "2433"]
[BlackElo "2315"]
[WhiteFideId "1118188"]
[BlackFideId "702072"]
[EventDate "2011.12.03"]

1. e4 c5 2. c3 d5 3. exd5 Qxd5 4. Nf3 Nc6 5. Na3 Bg4 6. Be2 Nf6 7. d3 e6 8. Nc4
Bh5 9. O-O Be7 10. Bf4 O-O 11. Qb3 b6 12. h3 Rac8 13. Rad1 Rfd8 14. Bh2 Ne8 15.
Rfe1 f6 16. Qa4 Qd7 17. Qc2 b5 18. Ncd2 Bf7 19. Ne4 Qb7 20. Nfd2 Qb6 21. Kh1 f5
22. Ng3 g6 23. Ngf1 Bf6 24. f4 Nc7 25. Nf3 Nd5 26. Ng5 b4 27. Bf3 bxc3 28. Nxf7
Nd4 29. Qf2 Nxf3 30. Qxf3 Kxf7 31. bxc3 Bxc3 32. Nd2 Qc6 33. Nc4 Kg7 34. Ne5
Bxe5 35. fxe5 Nc3 36. Qe3 Nxd1 37. Rxd1 c4 38. Bf4 cxd3 39. Kh2 Qd5 40. Bg5 Rd7
41. Rd2 Rc2 42. Bf6+ Kg8 43. Rxc2 dxc2 44. Qc3 Qd2 45. Qc8+ Kf7 46. Bg5 c1=Q 47.
Qxc1 Qxc1 0-1

[Event "FSGM December 2011"]
[Site "Budapest HUN"]
[Date "2011.12.03"]
[Round "1"]
[White "Czebe,A"]
[Black "Rodriguez Lopez,Ra"]
[Result "1-0"]
[WhiteTitle "GM"]
[BlackTitle "IM"]
[WhiteElo "2503"]
[BlackElo "2296"]
[WhiteFideId "705268"]
[BlackFideId "2204495"]
[EventDate "2011.12.03"]

1. e4 c5 2. Nf3 d6 3. d4 cxd4 4. Nxd4 Nf6 5. Nc3 a6 6. Qe2 e5 7. Nf5 d5 8. Bg5
dxe4 9. Rd1 Qa5 10. Bxf6 gxf6 11. Qxe4 Nc6 12. Bc4 Be6 13. O-O Qb4 14. Nd5 Bxd5
15. Qxd5 1-0

[Event "FSGM December 2011"]
[Site "Budapest HUN"]
[Date "2011.12.04"]
[Round "2"]
[White "Simonian,H"]
[Black "Rodriguez Lopez,Ra"]
[Result "1-0"]
[WhiteTitle "GM"]
[BlackTitle "IM"]
[WhiteElo "2468"]
[BlackElo "2296"]
[WhiteFideId "13302337"]
[BlackFideId "2204495"]
[EventDate "2011.12.03"]

1. e4 e5 2. Nf3 Nc6 3. Bb5 a6 4. Ba4 Nf6 5. O-O Be7 6. Bxc6 dxc6 7. d3 Nd7 8.
Nbd2 O-O 9. Nc4 f6 10. Nh4 Nc5 11. Nf5 Bxf5 12. exf5 Re8 13. Be3 Qd5 14. Nd2
Rad8 15. b3 a5 16. Qg4 Kh8 17. a4 b6 18. h4 Bf8 19. Rfd1 Qf7 20. Ne4 Nxe4 21.
dxe4 Bb4 22. Qe2 Bc3 23. Rxd8 Rxd8 24. Rd1 Rxd1+ 25. Qxd1 Bd4 26. Bxd4 Qd7 27.
Qd3 exd4 28. Qc4 g6 29. g4 Kg7 30. Kf1 Qd6 31. fxg6 hxg6 32. Ke2 c5 33. Qd5 Qf4
34. Qd7+ Kh6 35. Qc6 Qc1 36. Qxf6 Qxc2+ 37. Kf3 Qxb3+ 38. Kg2 Kh7 39. h5 gxh5
40. g5 Kg8 41. g6 d3 1-0

[Event "FSGM December 2011"]
[Site "Budapest HUN"]
[Date "2011.12.04"]
[Round "2"]
[White "Keschitz,G"]
[Black "Czebe,A"]
[Result "0-1"]
[WhiteTitle "FM"]
[BlackTitle "GM"]
[WhiteElo "2315"]
[BlackElo "2503"]
[WhiteFideId "702072"]
[BlackFideId "705268"]
[EventDate "2011.12.03"]

1. Nf3 g6 2. e4 Bg7 3. d4 d6 4. Nc3 Nf6 5. Bc4 O-O 6. O-O c6 7. a4 d5 8. Bd3 Bg4
9. e5 Ne8 10. h3 Bxf3 11. Qxf3 f6 12. Qg3 fxe5 13. dxe5 Nd7 14. f4 Nc5 15. Bxg6
hxg6 16. Qxg6 d4 17. Rd1 Qd7 18. Ne2 Qe6 19. Qh5 d3 20. cxd3 Rd8 21. Be3 Nxd3
22. Ra3 Nf6 23. Qh4 Nxf4 24. Nd4 Ne2+ 25. Kh1 Qxe5 26. Rd2 Ng4 27. Nf3 Rxd2 0-1

[Event "FSGM December 2011"]
[Site "Budapest HUN"]
[Date "2011.12.04"]
[Round "2"]
[White "Akesson,R"]
[Black "Kargin,A"]
[Result "1/2-1/2"]
[WhiteTitle "GM"]
[BlackTitle "IM"]
[WhiteElo "2421"]
[BlackElo "2411"]
[WhiteFideId "1700120"]
[BlackFideId "4135997"]
[EventDate "2011.12.03"]

1. d4 d5 2. c4 c6 3. Nc3 dxc4 4. e4 b5 5. a4 b4 6. Na2 Nf6 7. e5 Nd5 8. Bxc4 e6
9. Nf3 a5 10. Bg5 Qb6 11. Nc1 Ba6 12. Bxa6 Qxa6 13. Qe2 Qxe2+ 14. Kxe2 Nd7 15.
Nb3 c5 16. dxc5 Bxc5 17. Rhc1 Bb6 1/2-1/2

[Event "FSGM December 2011"]
[Site "Budapest HUN"]
[Date "2011.12.04"]
[Round "2"]
[White "Mihok,O"]
[Black "Antipov,M2"]
[Result "1/2-1/2"]
[WhiteTitle "IM"]
[BlackTitle "IM"]
[WhiteElo "2472"]
[BlackElo "2428"]
[WhiteFideId "728012"]
[BlackFideId "4107012"]
[EventDate "2011.12.03"]

1. e4 c5 2. Nf3 d6 3. d4 cxd4 4. Nxd4 Nf6 5. Nc3 a6 6. Be3 e5 7. Nb3 Be6 8. Qd2
Nbd7 9. O-O-O b5 10. f4 Rc8 11. f5 Bc4 12. Kb1 Qc7 13. a3 Be7 14. g4 Nxg4 15.
Rg1 Nxe3 16. Qxe3 Qb6 17. Qxb6 Nxb6 18. Rxg7 Bf6 19. Rg1 Ke7 20. Bxc4 bxc4 21.
Nd2 h6 22. Nf3 Rhg8 23. a4 Rxg1 24. Nxg1 Rc5 25. Nge2 Bg5 26. b4 cxb3 27. cxb3
a5 28. Kb2 Be3 29. Rd3 Bf2 30. Rh3 Rc8 31. Rxh6 Rg8 32. Kc2 Rg2 33. Kd3 Be1 34.
Rh8 Kd7 35. Rf8 Rg7 36. Rb8 Kc7 37. Rh8 Kc6 38. Nb5 Rg2 39. h3 d5 40. exd5+ Nxd5
41. Rc8+ Kd7 42. Rc1 Bh4 43. Nbc3 1/2-1/2

[Event "FSGM December 2011"]
[Site "Budapest HUN"]
[Date "2011.12.05"]
[Round "3"]
[White "Antipov,M2"]
[Black "Simonian,H"]
[Result "1-0"]
[WhiteTitle "IM"]
[BlackTitle "GM"]
[WhiteElo "2428"]
[BlackElo "2468"]
[WhiteFideId "4107012"]
[BlackFideId "13302337"]
[EventDate "2011.12.03"]

1. e4 c6 2. d4 d5 3. e5 Bf5 4. Nd2 e6 5. Nb3 Nd7 6. Nf3 Ne7 7. Be2 Bg6 8. O-O
Nf5 9. Bd2 Rc8 10. Rc1 h5 11. Bg5 Be7 12. Bxe7 Qxe7 13. Qd2 h4 14. h3 Bh5 15.
Rfe1 O-O 16. c3 c5 17. dxc5 Nxc5 18. Nxc5 Rxc5 19. Nd4 Nxd4 20. Bxh5 Nf5 21. Bg4
Nh6 22. Be2 Kh7 23. Bd3+ g6 24. Qf4 Nf5 25. Rcd1 Rfc8 26. Kh2 b6 27. Rg1 Kg7 28.
Bxf5 Rc4 29. Rd4 Rxd4 30. cxd4 exf5 31. Rc1 g5 32. Qd2 Rxc1 33. Qxc1 f6 34. f4
gxf4 35. Qxf4 fxe5 36. dxe5 Qd8 37. Qxf5 d4 38. Kg1 Qd5 39. Qf6+ Kg8 40. Qg5+
Kf7 41. Qf6+ Kg8 42. e6 Qe4 43. Kh2 Qe1 44. Qg6+ Kh8 1-0

[Event "FSGM December 2011"]
[Site "Budapest HUN"]
[Date "2011.12.05"]
[Round "3"]
[White "Kargin,A"]
[Black "Mihok,O"]
[Result "1/2-1/2"]
[WhiteTitle "IM"]
[BlackTitle "IM"]
[WhiteElo "2411"]
[BlackElo "2472"]
[WhiteFideId "4135997"]
[BlackFideId "728012"]
[EventDate "2011.12.03"]

1. e4 e5 2. Nf3 Nc6 3. Bb5 a6 4. Ba4 Nf6 5. O-O Be7 6. Re1 b5 7. Bb3 d6 8. c3
O-O 9. h3 Nb8 10. d4 Nbd7 11. c4 Bb7 12. Nc3 c6 13. a3 h6 14. Be3 Re8 15. Ba2
Bf8 16. b4 exd4 17. Bxd4 Qc7 18. Rc1 c5 19. bxc5 dxc5 20. Bxf6 Nxf6 21. cxb5
Nxe4 22. Nxe4 Rxe4 23. b6 Qe7 24. Rxe4 Bxe4 25. Qb3 Qf6 26. Rc3 Rb8 27. Ne5 Rb7
28. f3 Qxe5 29. fxe4 Bd6 30. Rf3 Qd4+ 31. Kf1 Qxe4 1/2-1/2

[Event "FSGM December 2011"]
[Site "Budapest HUN"]
[Date "2011.12.05"]
[Round "3"]
[White "Szablowski,P"]
[Black "Akesson,R"]
[Result "1/2-1/2"]
[WhiteTitle "IM"]
[BlackTitle "GM"]
[WhiteElo "2433"]
[BlackElo "2421"]
[WhiteFideId "1118188"]
[BlackFideId "1700120"]
[EventDate "2011.12.03"]

1. f4 Nf6 2. d4 d5 3. Nf3 Bf5 4. e3 e6 5. Bd3 Bd6 6. O-O O-O 7. Ne5 c5 8. c3
Nbd7 9. Nd2 cxd4 10. cxd4 Nxe5 11. Bxf5 Nc4 12. Nxc4 exf5 13. Ne5 Qb6 14. b3
Rfc8 15. Qd3 Ne4 16. Bb2 Rc7 17. Rfc1 Rac8 18. Nf3 Qa5 19. Rxc7 Rxc7 20. a3 a6
21. Qd1 Qb5 22. Rc1 Rxc1 23. Bxc1 Qa5 24. Qc2 g6 25. a4 Kg7 26. Bd2 Qb6 27. Be1
f6 28. h3 Qc7 29. Qxc7+ Bxc7 30. Kf1 g5 31. g3 Kf7 32. Ke2 g4 33. Ng1 Ke6 34. h4 1/2-1/2

[Event "FSGM December 2011"]
[Site "Budapest HUN"]
[Date "2011.12.05"]
[Round "3"]
[White "Czebe,A"]
[Black "Kislik,E"]
[Result "1/2-1/2"]
[WhiteTitle "GM"]
[BlackTitle "FM"]
[WhiteElo "2503"]
[BlackElo "2371"]
[WhiteFideId "705268"]
[BlackFideId "2022702"]
[EventDate "2011.12.03"]

1. b3 g6 2. Bb2 Nf6 3. e4 d6 4. g3 Bg7 5. Bg2 O-O 6. d4 c5 7. dxc5 Qa5+ 8. Qd2
Qxc5 9. c4 Nc6 10. Nc3 Qa5 11. Nge2 Bg4 12. O-O-O Rac8 13. Kb1 a6 1/2-1/2

[Event "FSGM December 2011"]
[Site "Budapest HUN"]
[Date "2011.12.05"]
[Round "3"]
[White "Rodriguez Lopez,Ra"]
[Black "Keschitz,G"]
[Result "1-0"]
[WhiteTitle "IM"]
[BlackTitle "FM"]
[WhiteElo "2296"]
[BlackElo "2315"]
[WhiteFideId "2204495"]
[BlackFideId "702072"]
[EventDate "2011.12.03"]

1. e4 c5 2. Nf3 Nc6 3. d4 cxd4 4. Nxd4 g6 5. Nc3 Bg7 6. Be3 Nf6 7. Bc4 Qa5 8.
O-O O-O 9. Nb3 Qc7 10. Bg5 Ng4 11. Qxg4 Bxc3 12. bxc3 d5 13. Qe2 dxc4 14. Qxc4
Be6 15. Qc5 b6 16. Qe3 Bc4 17. Rfd1 f6 18. Bh6 Rfd8 19. Nd4 Na5 20. Nb3 Nb7 21.
e5 Qxe5 22. Qxe5 fxe5 23. Re1 Nd6 24. Bg5 Re8 25. Rad1 Nf7 26. Bh4 Kg7 27. Rd7
g5 28. Bg3 Kf6 29. h4 h6 30. hxg5+ hxg5 31. Nd2 Be6 32. Ne4+ Kf5 33. Rc7 Bxa2
34. c4 a5 35. Nc3 Rac8 36. Rxc8 Rxc8 37. Nxa2 Rxc4 38. c3 Re4 39. Kf1 Ra4 40.
Re2 b5 41. f3 b4 42. cxb4 axb4 43. Rb2 Nd6 44. Kg1 b3 45. Nc3 Rb4 46. Nd1 Nc4
47. Rb1 e4 48. Be1 Rb7 49. Kf2 exf3 50. Kxf3 g4+ 51. Ke2 Ke4 52. Bc3 g3 53. Ra1
b2 54. Nxb2 Nxb2 55. Rb1 Na4 56. Rxb7 Nxc3+ 57. Kd2 Nd5 58. Rb3 Kf4 59. Rd3 e6
60. Rd4+ Kf5 61. Ke2 Ne7 62. Kf3 Kf6 63. Ra4 Nf5 64. Kf4 Kg6 65. Ra6 Kf6 66. Rb6
Kf7 67. Kg5 Ke7 68. Ra6 Ne3 69. Ra2 Kd6 70. Re2 Nf5 71. Kf6 Kd5 72. Rxe6 Nd6 73.
Re1 Nc4 74. Kf5 Kd4 75. Kf4 Kd5 76. Kxg3 Ne5 77. Rxe5+ 1-0

[Event "FSGM December 2011"]
[Site "Budapest HUN"]
[Date "2011.12.06"]
[Round "4"]
[White "Kislik,E"]
[Black "Rodriguez Lopez,Ra"]
[Result "1-0"]
[WhiteTitle "FM"]
[BlackTitle "IM"]
[WhiteElo "2371"]
[BlackElo "2296"]
[WhiteFideId "2022702"]
[BlackFideId "2204495"]
[EventDate "2011.12.03"]

1. e4 c5 2. Nf3 d6 3. d4 cxd4 4. Nxd4 Nf6 5. Nc3 a6 6. Bg5 Nc6 7. Qd2 Qb6 8. Nb3
e6 9. Bxf6 gxf6 10. O-O-O Bd7 11. f4 O-O-O 12. Be2 h5 13. Rhf1 Be7 14. Rf3 Rdg8
15. Bf1 Kb8 16. Kb1 Rc8 17. Qe1 Qc7 18. g3 Na5 19. a3 Nc4 20. Rd4 Nb6 21. f5 d5
22. exd5 e5 23. Rd2 Nc4 24. Bxc4 Qxc4 25. Ne4 Qb5 26. Nc3 Qb6 27. d6 Bf8 28. Nd5
Qxd6 29. Nxf6 Qxf6 30. Rxd7 Bd6 31. Rd3 Bc7 32. Qe4 b6 33. Na5 1-0

[Event "FSGM December 2011"]
[Site "Budapest HUN"]
[Date "2011.12.06"]
[Round "4"]
[White "Akesson,R"]
[Black "Czebe,A"]
[Result "1/2-1/2"]
[WhiteTitle "GM"]
[BlackTitle "GM"]
[WhiteElo "2421"]
[BlackElo "2503"]
[WhiteFideId "1700120"]
[BlackFideId "705268"]
[EventDate "2011.12.03"]

1. d4 d6 2. Nf3 Nf6 3. c4 g6 4. Nc3 Bf5 5. Qb3 Qc8 6. g3 h6 7. h3 c5 8. Bg2 Nc6
9. d5 Nb4 10. Qa4+ Bd7 11. Qd1 Bf5 12. Qa4+ Bd7 13. Qd1 Bf5 1/2-1/2

[Event "FSGM December 2011"]
[Site "Budapest HUN"]
[Date "2011.12.06"]
[Round "4"]
[White "Antipov,M2"]
[Black "Kargin,A"]
[Result "1/2-1/2"]
[WhiteTitle "IM"]
[BlackTitle "IM"]
[WhiteElo "2428"]
[BlackElo "2411"]
[WhiteFideId "4107012"]
[BlackFideId "4135997"]
[EventDate "2011.12.03"]

1. e4 c5 2. Nf3 d6 3. d4 cxd4 4. Nxd4 Nf6 5. Nc3 g6 6. Be3 Bg7 7. f3 O-O 8. Qd2
Nc6 9. g4 Be6 10. Nxe6 fxe6 11. O-O-O Ne5 12. Be2 Qc8 13. Bh6 Bxh6 14. Qxh6 Qc5
15. Qd2 Rac8 16. Kb1 b5 17. Rhf1 Nc4 18. Bxc4 bxc4 19. a3 Rc6 20. Ka2 Rb8 21.
Qd4 Qa5 22. f4 Ra6 23. Ra1 Qb6 24. Qxb6 Raxb6 25. Rab1 Nxg4 26. h3 Ne3 27. Rf2
d5 28. Rd2 dxe4 29. Rd4 Nf5 30. Rxc4 e3 31. b4 Rd8 32. Ne4 Rd4 33. Rxd4 Nxd4 34.
Re1 e5 35. fxe5 Re6 36. Rxe3 Nxc2 37. Rc3 Rxe5 38. Rxc2 Rxe4 39. Rc7 Re2+ 40.
Kb3 Re3+ 41. Ka4 Kf7 42. Rxa7 Rxh3 43. b5 Ke6 44. b6 Kd6 45. Rc7 Rh1 46. Rc4 Rb1
47. Ka5 Rb3 48. a4 h5 49. Ka6 g5 50. b7 g4 51. Rc8 g3 52. b8=Q+ Rxb8 53. Rxb8 h4
54. Rg8 Ke5 55. Kb5 Kf4 56. Rf8+ Ke5 57. Rg8 1/2-1/2

[Event "FSGM December 2011"]
[Site "Budapest HUN"]
[Date "2011.12.07"]
[Round "5"]
[White "Kargin,A"]
[Black "Simonian,H"]
[Result "0-1"]
[WhiteTitle "IM"]
[BlackTitle "GM"]
[WhiteElo "2411"]
[BlackElo "2468"]
[WhiteFideId "4135997"]
[BlackFideId "13302337"]
[EventDate "2011.12.03"]

1. e4 c5 2. Nf3 e6 3. d4 cxd4 4. Nxd4 a6 5. Bd3 Qc7 6. O-O Nf6 7. Qe2 d6 8. c4
g6 9. Nc3 Bg7 10. Nf3 Nbd7 11. h3 O-O 12. Bf4 b6 13. Rac1 Bb7 14. Rfd1 Nh5 15.
Bg5 Ne5 16. Nxe5 dxe5 17. g3 f6 18. Be3 f5 19. exf5 e4 20. Bb1 Nxg3 21. Qg4 Nxf5
22. Bf4 e5 23. Nd5 Qf7 24. Bg5 Nd4 25. Be3 Bc8 26. Qxe4 Ne2+ 27. Kh2 Nxc1 28.
Rxc1 Bf5 29. Qf3 e4 30. Bxe4 Bxe4 31. Qxe4 Rae8 32. Qg4 Bxb2 33. Rb1 Be5+ 34.
Kg1 b5 35. Bc5 bxc4 36. Qxc4 Rd8 37. Bxf8 Rxd5 38. Qe4 Kxf8 0-1

[Event "FSGM December 2011"]
[Site "Budapest HUN"]
[Date "2011.12.07"]
[Round "5"]
[White "Szablowski,P"]
[Black "Antipov,M2"]
[Result "1/2-1/2"]
[WhiteTitle "IM"]
[BlackTitle "IM"]
[WhiteElo "2433"]
[BlackElo "2428"]
[WhiteFideId "1118188"]
[BlackFideId "4107012"]
[EventDate "2011.12.03"]

1. d4 d5 2. c4 c6 3. Nf3 Nf6 4. e3 Bf5 5. Nc3 e6 6. Nh4 Be4 7. f3 Bg6 8. Qb3 Qb6
9. Nxg6 hxg6 10. Bd2 Nbd7 11. g3 Bd6 12. Kf2 Qxb3 13. axb3 a6 14. Kg2 O-O-O 15.
h4 Kb8 16. Be1 e5 17. Bf2 Rhe8 18. Bd3 exd4 19. exd4 Nf8 20. cxd5 Nxd5 21. Nxd5
cxd5 22. h5 gxh5 23. Rxh5 Bc7 24. b4 Re6 25. Rc1 g6 26. Rh8 Rb6 27. Be1 Ne6 28.
Rh7 Ng5 29. Rh1 Rf6 30. f4 Ne4 31. b5 axb5 32. Bxb5 Nd6 33. Bd3 Re6 34. Bb4 Re3
35. Rhd1 Ne4 36. Be1 f5 37. Bf2 Nxf2 38. Kxf2 Re6 39. Be2 Rb6 40. Rc2 Rb4 41.
Bf3 Bb6 42. Kg2 Bxd4 43. b3 1/2-1/2

[Event "FSGM December 2011"]
[Site "Budapest HUN"]
[Date "2011.12.07"]
[Round "5"]
[White "Czebe,A"]
[Black "Mihok,O"]
[Result "1-0"]
[WhiteTitle "GM"]
[BlackTitle "IM"]
[WhiteElo "2503"]
[BlackElo "2472"]
[WhiteFideId "705268"]
[BlackFideId "728012"]
[EventDate "2011.12.03"]

1. Nf3 c5 2. g3 Nc6 3. Bg2 g6 4. c3 Bg7 5. d4 cxd4 6. cxd4 d5 7. Nc3 Nf6 8. Ne5
O-O 9. Nxc6 bxc6 10. O-O Re8 11. b3 e5 12. dxe5 Rxe5 13. Bb2 Ba6 14. Re1 Re8 15.
Na4 Nd7 16. Bxg7 Kxg7 17. Qd4+ Qf6 18. Qxf6+ Kxf6 19. Rac1 Bb5 20. Nc3 Ba6 21.
Bxd5 cxd5 22. Nxd5+ Kg7 23. Nc7 Rac8 24. f3 Re7 25. Nxa6 Rxc1 26. Rxc1 Rxe2 27.
a4 Ne5 28. Rc3 g5 29. h3 h5 30. Nc5 h4 31. gxh4 gxh4 32. Kf1 Rh2 33. f4 Ng6 34.
Rf3 Rb2 35. Ke1 Kf6 36. Ne4+ Kf5 37. Nd6+ Ke6 38. Nc4 Rb1+ 39. Kd2 Kd5 40. Kc2
Rg1 41. Rd3+ Kc5 42. Ne5 Nxf4 43. b4+ Kb6 44. Rd6+ Kc7 45. Rd7+ Kc8 46. Rxa7
Nxh3 47. b5 Rg5 48. Nd7 Rd5 49. Nb6+ Kb8 50. Rxf7 Rc5+ 51. Kb3 Ng5 52. Rg7 Rf5
53. Nc4 h3 54. Rg8+ Kc7 55. b6+ Kc6 56. Rc8+ Kd7 57. b7 h2 58. b8=Q h1=Q 59.
Rc7+ Ke6 60. Qe8+ Kd5 1-0

[Event "FSGM December 2011"]
[Site "Budapest HUN"]
[Date "2011.12.07"]
[Round "5"]
[White "Rodriguez Lopez,Ra"]
[Black "Akesson,R"]
[Result "0-1"]
[WhiteTitle "IM"]
[BlackTitle "GM"]
[WhiteElo "2296"]
[BlackElo "2421"]
[WhiteFideId "2204495"]
[BlackFideId "1700120"]
[EventDate "2011.12.03"]

1. e4 c5 2. c3 d5 3. exd5 Qxd5 4. d4 Nf6 5. Nf3 Bg4 6. dxc5 Qxc5 7. h3 Bxf3 8.
Qxf3 Nc6 9. Be3 Qe5 10. Bc4 e6 11. O-O Bd6 12. g3 Bc5 13. Bf4 Qe4 14. Nd2 Qxf3
15. Nxf3 Ke7 16. g4 Rad8 17. Rfe1 a6 18. Bf1 h5 19. g5 Nd5 20. Bg3 Bd6 21. Rad1
Bxg3 22. fxg3 Rd6 23. g6 f6 24. Nh4 Ne5 25. Be2 Kd7 26. Kf2 Ne7 27. Rxd6+ Kxd6
28. Rd1+ Kc7 29. a4 N7xg6 30. Nxg6 Nxg6 31. Bc4 Re8 32. Be2 Ne5 33. a5 g6 34.
Ke3 Nc6 35. Rf1 Rf8 36. b4 Ne7 37. Bc4 Nf5+ 38. Kf3 e5 39. g4 hxg4+ 40. hxg4 Nd6
41. Bd5 Rh8 42. c4 g5 43. c5 Nb5 44. Ke3 Rh3+ 45. Rf3 Rxf3+ 46. Kxf3 Nc3 47. Be6
Kc6 48. Bc8 Nd5 49. Ke4 Nxb4 50. Kf5 Nd5 51. Ke6 e4 0-1

[Event "FSGM December 2011"]
[Site "Budapest HUN"]
[Date "2011.12.07"]
[Round "5"]
[White "Keschitz,G"]
[Black "Kislik,E"]
[Result "1/2-1/2"]
[WhiteTitle "FM"]
[BlackTitle "FM"]
[WhiteElo "2315"]
[BlackElo "2371"]
[WhiteFideId "702072"]
[BlackFideId "2022702"]
[EventDate "2011.12.03"]

1. Nf3 d5 2. d3 Nf6 3. Nbd2 e6 4. g3 Be7 5. Bg2 O-O 6. O-O c5 7. b3 Nc6 8. Bb2
b5 9. c4 Rb8 10. Ne5 Nxe5 11. Bxe5 Rb6 12. d4 dxc4 13. Bxf6 gxf6 14. dxc5 Bxc5
15. Qc2 Bb4 16. Rfd1 Qc7 17. bxc4 Bxd2 18. Rxd2 Qxc4 19. Qb2 e5 20. Rc1 Qe6 21.
Rc7 Rd6 22. Qc3 Rxd2 23. Qxd2 Qb6 1/2-1/2